000
00242nam a2200097Ia 4500
008
220204s9999 xx 000 0 und d
082
_a
82-36
_b
TIN
245
4
_a
The adventures of Tintin: Red Rackham's Treasure
260
_a
Magnet
942
_c
BK
999
_c
37917
_d
37917